01430nam a2200361Ia 450000500170000000800390001702000180005608200160007410000180009024502420010825000170035030000400036750000210040765000280042865000530045665000310050965000410054070000410058170000410062270000380066370000370070170000380073870000410077670000450081770000320086294200120089426400240090633600270093033700330095733800280099004000350101899900150105320220317000247.0141031s2012 ck sp a0 sga d s sp spa a978849874126104a646.4bH64c1 aHollahan, Lee10aCómo utilizar, adaptar y diseñar patrones de costura cLee Hollahan ; fotografías Philip Wilkins ; ilustraciones Sha Tahmasebi, Chris Taylor, Katie Buglass ; traducción Ana María Anzar ; revisión ténica Esperanza González a2a edición a143 páginasbilustracionesc25 cm aIncluye índice142LEMBaCosturavManuales142LEMBaCorte y confecciónxPatronesxTécnicas142LEMBaCosturaxEnseñanza142LEMBaCosturaxPatronesxEnseñanza1 aAznar, Ana Maríaetraductor9142201 aWilkins, Philipefotografía9692141 aTahmasebi, Shadilustrador9142261 aTaylor, Chriseilustrador9692151 aBuglass, Katieeilustrador9692161 aAznar, Ana Maríaetraductor9142201 aGonzález, Esperanzaerevisión9692171 aDomingo, Evaeeditor914156 2ddccBK aMadrid bDracc2012 atextobtxt2rdacontent asin mediaciónbn2rdamedia avolumenbnc2rdacarrier aCO-BoRNBPbspaerdacCO-BoRNBP c3549d3549